Derecho civil español. I, parte general.
Salvato in:
| Autore principale: | |
|---|---|
| Natura: | Libro |
| Pubblicazione: |
Salamanca, España:
Universidad Pontificia de Salamanca,
1977
|
| Soggetti: | |
| Tags: |
Aggiungi Tag
Nessun Tag, puoi essere il primo ad aggiungerne!!
|
MARC
| LEADER | 00000nam a22000007a 4500 | ||
|---|---|---|---|
| 003 | CL-VaPUC | ||
| 005 | 20220822114809.0 | ||
| 008 | 220803t1977 ||||| |||| 00| 0 eng d | ||
| 999 | |c 437932 |d 437930 | ||
| 020 | |a 84-7398-618-0 | ||
| 040 | |c Pontificia Universidad Católica de Valparaíso | ||
| 082 | 7 | |a 346.46 MOZ 1977 |2 22 | |
| 100 | |a Mozos, José Luis de los |e autor |9 385355 | ||
| 245 | |a Derecho civil español. |b I, parte general. | ||
| 260 | |a Salamanca, España: |b Universidad Pontificia de Salamanca, |c 1977 | ||
| 300 | |a Volumen 1, 778 páginas. | ||
| 500 | |a c.1 Donación Familia Prof. Alejandro Guzmán Brito. | ||
| 505 | |a v.1. Introducción al derecho civil. | ||
| 583 | |a last modification |c 19970509 00:00:00 |k Cristina María Rojas Aguilar | ||
| 650 | |a Derecho civil |z España |9 870969 | ||
| 942 | |c BK |2 ddc |n 0 | ||
| 952 | |0 0 |1 0 |2 ddc |4 0 |6 346_460000000000000_MOZ_1977 |7 0 |8 C_AGB |9 585788 |a BIBDER |b BIBDER |d 2022-08-03 |e Donación |h v.1 |i 5653770 |o 346.46 MOZ 1977 |p 5653770 |r 2023-01-25 |t 1 |w 2022-08-03 |y BK_US |k AGB | ||